[Event "Heusenstamm Sparkassen op-A 6th"]
[Site "Heusenstamm"]
[Date "2019.11.24"]
[Round "6"]
[White "Rondonuwu, Grover"]
[Black "Berberich, Christoph"]
[Result "1/2-1/2"]
[WhiteElo "2106"]
[BlackElo "1958"]
[PlyCount "223"]
[EventDate "2019.11.21"]
[EventType "swiss"]
[EventRounds "7"]
[EventCountry "GER"]
[SourceTitle "CBM 194 Extra"]
[Source "ChessBase"]
[SourceDate "2020.03.31"]
[SourceVersion "1"]
[SourceVersionDate "2020.03.31"]
[SourceQuality "1"]

1. d4 Nf6 2. Bg5 c6 3. Bxf6 exf6 4. c4 Bb4+ 5. Nc3 d5 6. e3 Bxc3+ 7. bxc3 dxc4 8. Bxc4 Be6 9. Bd3 Qa5 10. Ne2 Nd7 11. 0-0 Nb6 12. Qc2 f5 13. Rfb1 Rb8 14. c4 Qa4 15. Qxa4 Nxa4 16. Rb4 Nb6 17. Rab1 Bc8 18. a4 Kd8 19. Nc3 Re8 20. a5 Na8 21. Na4 Kc7 22. g3 g6 23. c5 Be6 24. Bf1 Bd5 25. Bg2 Bxg2 26. Kxg2 h5 27. h4 f6 28. Kf3 Rg8 29. Kf4 Rge8 30. R1b3 Re4+ 31. Kf3 Ree8 32. Nb2 b6 33. axb6+ axb6 34. cxb6+ Rxb6 35. Nd3 Rxb4 36. Rxb4 Nb6 37. Nc5 Rh8 38. Ne6+ Kb7 39. Nc5+ Kc7 40. Ne6+ Kb7 41. Nf4 Rg8 42. Rb1 Kc7 43. Ne6+ Kb7 44. Ra1 Nd7 45. Rb1+ Nb6 46. Nc5+ Kc7 47. Ra1 Nc8 48. Kf4 Re8 49. Rb1 Nb6 50. Rb2 Nd5+ 51. Kf3 Nb6 52. Ra2 Nc8 53. Kf4 Re7 54. Ra8 Re8 55. Ra6 Ne7 56. Ra7+ Kb8 57. Rd7 Kc8 58. Kf3 g5 59. Rd6 g4+ 60. Kg2 Rf8 61. Ne6 Rf7 62. Nf4 Kc7 63. Re6 Kd7 64. e4 fxe4 65. Rxe4 f5 66. Re5 Rh7 67. Ra5 Kd6 68. Ra7 Rh6 69. Ra5 Kd7 70. Nd3 Rd6 71. Nf4 Rh6 72. Kf1 Rh8 73. Ke2 Kd6 74. Ke3 Rb8 75. Ra3 Rh8 76. Ra7 Re8 77. Kd3 Rb8 78. Ra3 Rh8 79. Ra7 Rb8 80. Ra3 Rh8 81. Ra4 Rb8 82. Nxh5 Rb3+ 83. Ke2 Rb2+ 84. Kf1 Nd5 85. Ng7 Rb1+ 86. Kg2 Rb2 87. Ra3 f4 88. gxf4 Nxf4+ 89. Kg3 Ne2+ 90. Kxg4 Nxd4 91. Rd3 Ke5 92. Re3+ Kf6 93. Nh5+ Kf7 94. f4 c5 95. Ng3 c4 96. Rc3 Rb4 97. Ne4 Nb5 98. Rc2 c3 99. Ng3 Rb2 100. Rc1 c2 101. Ne2 Na3 102. h5 Kg7 103. Re1 Rb1 104. Nc1 Nb5 105. Kg5 Nd4 106. h6+ Kh7 107. Re7+ Kh8 108. Kg6 Rb6+ 109. Kh5 Rxh6+ 110. Kxh6 Nf5+ 111. Kg6 Nxe7+ 112. Kf7 1/2-1/2

[Event "Heusenstamm Sparkassen op-A 6th"]
[Site "Heusenstamm"]
[Date "2019.11.22"]
[Round "3"]
[White "Westendorp, Christian"]
[Black "Berberich, Christoph"]
[Result "1/2-1/2"]
[WhiteElo "1821"]
[BlackElo "1958"]
[PlyCount "87"]
[EventDate "2019.11.21"]
[EventType "swiss"]
[EventRounds "7"]
[EventCountry "GER"]
[SourceTitle "CBM 194 Extra"]
[Source "ChessBase"]
[SourceDate "2020.03.31"]
[SourceVersion "1"]
[SourceVersionDate "2020.03.31"]
[SourceQuality "1"]

1. d4 Nf6 2. c4 c5 3. d5 b5 4. cxb5 a6 5. bxa6 g6 6. Nc3 Bxa6 7. Nf3 Bg7 8. g3 0-0 9. Bg2 d6 10. 0-0 Nbd7 11. Rb1 Ra7 12. b3 Qa8 13. Bb2 Rb8 14. Ba1 Nb6 15. Ne1 Bb7 16. e4 Ba6 17. Nd3 Nfd7 18. f4 c4 19. Nb4 cxb3 20. Nxa6 bxa2 21. Nxa2 Rxa6 22. Nb4 Rxa1 23. Rxa1 Bxa1 24. Qxa1 Qxa1 25. Rxa1 Ra8 26. Rxa8+ Nxa8 27. e5 Nab6 28. Nc6 Kf8 29. Bh3 f5 30. Bg2 dxe5 31. fxe5 Nc4 32. e6 Nf6 33. h3 Ne3 34. Nb4 Nxg2 35. Kxg2 Kg7 36. Kf3 Ne8 37. g4 Kf6 38. Nc6 h6 39. gxf5 gxf5 40. Kf4 Ng7 41. h4 Nh5+ 42. Kf3 Ng7 43. Kf4 Nh5+ 44. Kf3 1/2-1/2

[Event "Wiesbaden op 31st"]
[Site "Wiesbaden"]
[Date "2019.08.23"]
[Round "3"]
[White "Berberich, Christoph"]
[Black "Wachsmann, Dietmar"]
[Result "1/2-1/2"]
[WhiteElo "1960"]
[BlackElo "2038"]
[PlyCount "88"]
[EventDate "2019.08.22"]
[EventType "swiss"]
[EventRounds "7"]
[EventCountry "GER"]
[SourceTitle "EXT 2020"]
[Source "ChessBase"]
[SourceDate "2019.10.17"]
[SourceVersion "1"]
[SourceVersionDate "2019.10.17"]
[SourceQuality "1"]

1. d4 d5 2. Nf3 e6 3. c4 c6 4. e3 Nf6 5. Nbd2 Nbd7 6. Bd3 Bd6 7. 0-0 0-0 8. e4 e5 9. cxd5 cxd5 10. dxe5 Nxe5 11. Nxe5 Bxe5 12. exd5 Qxd5 13. Nf3 Bg4 14. Be2 Qe4 15. Re1 Rad8 16. Qb3 Be6 17. Qe3 Qxe3 18. Bxe3 Bb8 19. Nd4 Bg4 20. Bf3 Be5 21. Rad1 Rfe8 22. h3 Bxd4 23. hxg4 Bxe3 24. fxe3 h6 25. Rxd8 Rxd8 26. Re2 b6 27. Rc2 Kf8 28. Kf2 Ke7 29. b4 Ke6 30. a4 Rd6 31. Rc7 Rd2+ 32. Kg3 Rd7 33. Rc6+ Ke5 34. Rc4 Kd6 35. Rc6+ Ke7 36. a5 bxa5 37. bxa5 Ne8 38. Rc8 Rc7 39. Ra8 Nd6 40. a6 Kd7 41. Kf2 f6 42. Kg3 Nc4 43. Bb7 Nb6 44. Rxa7 Ke7 1/2-1/2

[Event "Rhein Main op-A 22nd"]
[Site "Bad Homburg"]
[Date "2019.06.22"]
[Round "5"]
[White "Berberich, Christoph"]
[Black "Marchese, Gaspare"]
[Result "1-0"]
[WhiteElo "1967"]
[BlackElo "1893"]
[PlyCount "91"]
[EventDate "2019.06.19"]
[EventType "swiss"]
[EventRounds "9"]
[EventCountry "GER"]
[SourceTitle "EXT 2020"]
[Source "ChessBase"]
[SourceDate "2019.10.17"]
[SourceVersion "1"]
[SourceVersionDate "2019.10.17"]
[SourceQuality "1"]

1. d4 Nf6 2. Nf3 g6 3. c4 Bg7 4. Nc3 d6 5. e4 0-0 6. Be2 Na6 7. 0-0 e5 8. Be3 Ng4 9. Bg5 f6 10. Bc1 Nh6 11. h3 Nf7 12. d5 f5 13. Nd2 f4 14. Bg4 Nh6 15. Bxc8 Qxc8 16. Rb1 Nc5 17. b4 Nd7 18. a4 Nf6 19. c5 g5 20. f3 Nf7 21. Ba3 h5 22. Rc1 g4 23. hxg4 hxg4 24. Kf2 g3+ 25. Ke2 Re8 26. a5 c6 27. cxd6 Nxd6 28. Qb3 Kh7 29. b5 c5 30. Na4 Qd7 31. Nxc5 Qxb5+ 32. Qxb5 Nxb5 33. Bb2 b6 34. Ne6 Nd7 35. Ra1 Rac8 36. Kd3 Bf6 37. Nc4 Nc5+ 38. Nxc5 Rxc5 39. axb6 axb6 40. Nxb6 Rd8 41. Ra5 Rd6 42. Nc4 Bd8 43. Nxd6 Bxa5 44. Nb7 Rc3+ 45. Bxc3 Bxc3 46. Rb1 1-0